SNL - Weekend Update Anchors - Statistics

General Stats
  • This quiz has been taken 30 times
  • The average score is 11 of 33
Answer Stats
Hint Answer % Correct
2014-Present Colin Jost
96%
2014-Present Michael Che
96%
2000-2005 Tina Fey
87%
2004-2008 Amy Poehler
83%
1975-1976 Chevy Chase
83%
1994-1997 Norm Macdonald
83%
2006-2014 Seth Myers
74%
2000-2004 Jimmy Fallon
70%
2013-2014 Cecily Strong
61%
1977-1978 Dan Aykroyd
52%
1985-1991 Dennis Miller
52%
1991-1994 Kevin Nealon
43%
1978-1980 Bill Murray
39%
1981-1982 Brian Doyle-Murray
39%
1998-2000 Colin Quinn
26%
2005 Horatio Sanz
22%
1976-1980 Jane Curtain
22%
1980-1981 Charles Rocket
17%
1984* Edwin Newman
13%
1984* Jesse Jackson
9%
1984* Robin Williams
9%
1984* Bob Uecker
4%
1982-1983 Brad Hall
4%
1977 Buck Henry
4%
1984* Don Rickles
4%
1984* Ed Asner
4%
1981 Gail Matthius
4%
1984* George Carlin
4%
1984* George McGovern
4%
1981-1982 Mary Gross
4%
1984* Michael Douglas
4%
1982 Christine Ebersole
0%
1981 Mark King
0%
No matching quizzes found
Score Distribution
Percent of People with Each Score
Percentile by Number Answered
Your Score History
You have not taken this quiz